000 00442nam a2200181Ia 4500
001 15988
005 20260306170236.0
008 260306t2022||||xx |||||||||||||| ||und||
041 _aESP
082 _a346.52
_bCH519
100 _aChang Hernández, Guillermo
_eAUT
245 0 _aEl juicio de responsabilidad civil
260 _c2022
300 _a446 páginas :
_c25 cm.
650 _aGEN
654 _aCDE
942 _cLIB
_dJUS
_fJUS
_2ddc
_n
999 _c15988
_d15988